<?xml version="1.0" encoding="UTF-8"?>
<record
    xmlns:xsi="http://www.w3.org/2001/XMLSchema-instance"
    xsi:schemaLocation="http://www.loc.gov/MARC21/slim http://www.loc.gov/standards/marcxml/schema/MARC21slim.xsd"
    xmlns="http://www.loc.gov/MARC21/slim">

  <leader>01944nam a22003137a 4500</leader>
  <controlfield tag="003">NALT</controlfield>
  <controlfield tag="005">20260305143844.0</controlfield>
  <controlfield tag="008">200519b        th ||||| |||| 00| 0 tha d</controlfield>
  <datafield tag="020" ind1=" " ind2=" ">
    <subfield code="a">9786168116036</subfield>
  </datafield>
  <datafield tag="040" ind1=" " ind2=" ">
    <subfield code="a">NALT</subfield>
  </datafield>
  <datafield tag="090" ind1=" " ind2=" ">
    <subfield code="a">KR 36</subfield>
    <subfield code="b">&#xE01;445 2563</subfield>
  </datafield>
  <datafield tag="245" ind1="0" ind2="0">
    <subfield code="a">&#xE01;&#xE32;&#xE23;&#xE04;&#xE38;&#xE49;&#xE21;&#xE04;&#xE23;&#xE2D;&#xE07;&#xE02;&#xE49;&#xE2D;&#xE21;&#xE39;&#xE25;&#xE2A;&#xE48;&#xE27;&#xE19;&#xE1A;&#xE38;&#xE04;&#xE04;&#xE25;&#xE01;&#xE31;&#xE1A;&#xE2A;&#xE31;&#xE07;&#xE04;&#xE21;&#xE44;&#xE17;&#xE22; = </subfield>
    <subfield code="b">Personal Data Protection for Thai Society /</subfield>
    <subfield code="c">&#xE1C;&#xE39;&#xE49;&#xE40;&#xE02;&#xE35;&#xE22;&#xE19; &#xE2D;&#xE19;&#xE38;&#xE2A;&#xE34;&#xE29;&#xE10; &#xE04;&#xE38;&#xE13;&#xE32;&#xE01;&#xE23;... [&#xE41;&#xE25;&#xE30;&#xE04;&#xE19;&#xE2D;&#xE37;&#xE48;&#xE19;&#xE46;] ; &#xE17;&#xE34;&#xE1E;&#xE22;&#xE4C;&#xE1E;&#xE32;&#xE1E;&#xE23; &#xE15;&#xE31;&#xE19;&#xE15;&#xE34;&#xE2A;&#xE38;&#xE19;&#xE17;&#xE23; &#xE1A;&#xE23;&#xE23;&#xE13;&#xE32;&#xE18;&#xE34;&#xE01;&#xE32;&#xE23;.</subfield>
  </datafield>
  <datafield tag="246" ind1="3" ind2="1">
    <subfield code="a">Personal Data Protection for Thai Society.</subfield>
  </datafield>
  <datafield tag="260" ind1=" " ind2=" ">
    <subfield code="a">&#xE01;&#xE23;&#xE38;&#xE07;&#xE40;&#xE17;&#xE1E;&#xE2F; :</subfield>
    <subfield code="b">&#xE2A;&#xE16;&#xE32;&#xE1A;&#xE31;&#xE19;&#xE19;&#xE42;&#xE22;&#xE1A;&#xE32;&#xE22;&#xE28;&#xE36;&#xE01;&#xE29;&#xE32; &#xE20;&#xE32;&#xE22;&#xE43;&#xE15;&#xE49;&#xE21;&#xE39;&#xE25;&#xE19;&#xE34;&#xE18;&#xE34;&#xE2A;&#xE48;&#xE07;&#xE40;&#xE2A;&#xE23;&#xE34;&#xE21;&#xE19;&#xE42;&#xE22;&#xE1A;&#xE32;&#xE22;&#xE28;&#xE36;&#xE01;&#xE29;&#xE32;,</subfield>
    <subfield code="c">2563.</subfield>
  </datafield>
  <datafield tag="300" ind1=" " ind2=" ">
    <subfield code="a">136 &#xE2B;&#xE19;&#xE49;&#xE32; ;</subfield>
    <subfield code="c">21 &#xE0B;&#xE21;.</subfield>
  </datafield>
  <datafield tag="650" ind1=" " ind2="4">
    <subfield code="a">&#xE01;&#xE32;&#xE23;&#xE1B;&#xE49;&#xE2D;&#xE07;&#xE01;&#xE31;&#xE19;&#xE02;&#xE49;&#xE2D;&#xE21;&#xE39;&#xE25;</subfield>
    <subfield code="9">27086</subfield>
    <subfield code="x">&#xE01;&#xE0E;&#xE2B;&#xE21;&#xE32;&#xE22;&#xE41;&#xE25;&#xE30;&#xE23;&#xE30;&#xE40;&#xE1A;&#xE35;&#xE22;&#xE1A;&#xE02;&#xE49;&#xE2D;&#xE1A;&#xE31;&#xE07;&#xE04;&#xE31;&#xE1A;</subfield>
  </datafield>
  <datafield tag="650" ind1=" " ind2="4">
    <subfield code="a">&#xE2A;&#xE34;&#xE17;&#xE18;&#xE34;&#xE21;&#xE19;&#xE38;&#xE29;&#xE22;&#xE0A;&#xE19;</subfield>
    <subfield code="9">36312</subfield>
    <subfield code="x">&#xE01;&#xE0E;&#xE2B;&#xE21;&#xE32;&#xE22;&#xE41;&#xE25;&#xE30;&#xE23;&#xE30;&#xE40;&#xE1A;&#xE35;&#xE22;&#xE1A;&#xE02;&#xE49;&#xE2D;&#xE1A;&#xE31;&#xE07;&#xE04;&#xE31;&#xE1A;</subfield>
    <subfield code="z">&#xE44;&#xE17;&#xE22;</subfield>
  </datafield>
  <datafield tag="650" ind1=" " ind2="4">
    <subfield code="a">&#xE2A;&#xE34;&#xE17;&#xE18;&#xE34;&#xE2A;&#xE48;&#xE27;&#xE19;&#xE1A;&#xE38;&#xE04;&#xE04;&#xE25;</subfield>
    <subfield code="9">44905</subfield>
    <subfield code="z">&#xE44;&#xE17;&#xE22;</subfield>
  </datafield>
  <datafield tag="700" ind1="0" ind2=" ">
    <subfield code="a">&#xE2D;&#xE19;&#xE38;&#xE2A;&#xE34;&#xE29;&#xE10; &#xE04;&#xE38;&#xE13;&#xE32;&#xE01;&#xE23;</subfield>
    <subfield code="9">44849</subfield>
  </datafield>
  <datafield tag="700" ind1="0" ind2=" ">
    <subfield code="a">&#xE19;&#xE04;&#xE23; &#xE40;&#xE2A;&#xE23;&#xE35;&#xE23;&#xE31;&#xE01;&#xE29;&#xE4C;</subfield>
    <subfield code="9">18371</subfield>
  </datafield>
  <datafield tag="700" ind1="0" ind2=" ">
    <subfield code="a">&#xE20;&#xE31;&#xE17;&#xE23;&#xE30; &#xE04;&#xE33;&#xE1E;&#xE34;&#xE17;&#xE31;&#xE01;&#xE29;&#xE4C;</subfield>
    <subfield code="9">44868</subfield>
  </datafield>
  <datafield tag="700" ind1="0" ind2=" ">
    <subfield code="a">&#xE04;&#xE13;&#xE32;&#xE18;&#xE34;&#xE1B; &#xE17;&#xE2D;&#xE07;&#xE23;&#xE27;&#xE35;&#xE27;&#xE07;&#xE28;&#xE4C;</subfield>
    <subfield code="9">24430</subfield>
  </datafield>
  <datafield tag="700" ind1="0" ind2=" ">
    <subfield code="a">&#xE0A;&#xE27;&#xE19; &#xE2B;&#xE27;&#xE31;&#xE07;&#xE2A;&#xE38;&#xE19;&#xE17;&#xE23;&#xE0A;&#xE31;&#xE22;</subfield>
    <subfield code="9">44869</subfield>
  </datafield>
  <datafield tag="700" ind1="0" ind2=" ">
    <subfield code="a">&#xE17;&#xE34;&#xE1E;&#xE22;&#xE4C;&#xE1E;&#xE32;&#xE1E;&#xE23; &#xE15;&#xE31;&#xE19;&#xE15;&#xE34;&#xE2A;&#xE38;&#xE19;&#xE17;&#xE23;</subfield>
    <subfield code="9">21995</subfield>
  </datafield>
  <datafield tag="850" ind1=" " ind2=" ">
    <subfield code="a">NALT</subfield>
  </datafield>
  <datafield tag="942" ind1=" " ind2=" ">
    <subfield code="c">LB</subfield>
    <subfield code="2">local</subfield>
  </datafield>
  <datafield tag="998" ind1=" " ind2=" ">
    <subfield code="a">bijaya</subfield>
    <subfield code="c">103</subfield>
    <subfield code="b">phon</subfield>
    <subfield code="j">111</subfield>
    <subfield code="k"> &#xE19;&#xE32;&#xE07;&#xE2A;&#xE32;&#xE27;&#xE1E;&#xE08;&#xE1E;&#xE34;&#xE13;  &#xE1E;&#xE23;&#xE21;&#xE40;&#xE2D;&#xE35;&#xE48;&#xE22;&#xE21;</subfield>
  </datafield>
  <datafield tag="999" ind1=" " ind2=" ">
    <subfield code="c">96937</subfield>
    <subfield code="d">96937</subfield>
  </datafield>
  <datafield tag="952" ind1=" " ind2=" ">
    <subfield code="0">0</subfield>
    <subfield code="1">0</subfield>
    <subfield code="2">local</subfield>
    <subfield code="4">0</subfield>
    <subfield code="7">0</subfield>
    <subfield code="8">CLAW</subfield>
    <subfield code="a">NALT</subfield>
    <subfield code="b">NALT</subfield>
    <subfield code="c">LAW</subfield>
    <subfield code="d">2020-05-19</subfield>
    <subfield code="l">20</subfield>
    <subfield code="m">15</subfield>
    <subfield code="o">KR 36 &#xE01;445 2563</subfield>
    <subfield code="p">3961210424</subfield>
    <subfield code="r">2026-03-12 00:00:00</subfield>
    <subfield code="s">2026-03-05</subfield>
    <subfield code="t">&#xE09;.1</subfield>
    <subfield code="w">2020-05-19</subfield>
    <subfield code="y">LB</subfield>
  </datafield>
  <datafield tag="952" ind1=" " ind2=" ">
    <subfield code="0">0</subfield>
    <subfield code="1">0</subfield>
    <subfield code="2">local</subfield>
    <subfield code="4">0</subfield>
    <subfield code="7">0</subfield>
    <subfield code="8">CLAW</subfield>
    <subfield code="a">NALT</subfield>
    <subfield code="b">NALT</subfield>
    <subfield code="c">LAW</subfield>
    <subfield code="d">2020-05-19</subfield>
    <subfield code="l">2</subfield>
    <subfield code="m">1</subfield>
    <subfield code="o">KR 36 &#xE01;445 2563</subfield>
    <subfield code="p">3961210425</subfield>
    <subfield code="r">2023-11-13 00:00:00</subfield>
    <subfield code="s">2023-10-30</subfield>
    <subfield code="t">&#xE09;.2</subfield>
    <subfield code="w">2020-05-19</subfield>
    <subfield code="y">LB</subfield>
  </datafield>
</record>
